000 00956nam a22002417a 4500
008 240706b mp ||||| |||| 00| 0 mon d
020 _a978-9919-518-73-8
035 _a64423
040 _aBH0164090
_bmon
_cMN-UlNLM
_dMN-UlNLM
_erda
041 _amon
042 _a191265
084 _2NNA
_a84(0)
_bР-58
100 _aРоулинг Ж.К.
245 0 _aХарри Поттер шидтэний лавлах
264 _aУлаанбаатар
_bМон судар хэвлэлийн газар
_c2023
300 _aх.
336 _2rdacontent
_atext
_btxt
337 _2rdamedia
_aunmediated
_bn
338 _2rdacarrier
_avolume
_bnc
650 _aХүүхдийн номын Жангар редакцаас Харри Поттер: Шидтэний лавлах номыг албан ёсны эрхтэйгээр эрхэм уншигчдадаа өргөн барьж байна. Э...
942 _2NNA
_cBK
999 _c1123092
_d1123149